Jeux vidéo en image - A - Statistiques

Statistiques générales
  • Ce quiz a été pris 221 fois
    66 depuis la dernière actualisation
  • Le résultat moyen est 9 sur 20
Statistiques - réponses
Par images Réponse % Correct
Among Us
95%
Assassin's Creed
93%
Animal Crossing: New Horizons
83%
ARK: Survival Evolved
80%
Alien: Isolation
69%
Apex Legends
66%
Alice: Madness Returns
63%
A Way Out
53%
A Plague Tale: Innocence
46%
Anno 1800
36%
Ace Attorney Investigations Collection
31%
Atomic Heart
31%
Astroneer
29%
Alan Wake
27%
Age of Empires IV
25%
Abzû
17%
A Hat in Time
17%
Another Crab's Treasure
12%
Anger Foot
10%
Aragami
10%
Aucun quiz correspondant
Distribution des résultats
% des personnes avec chaque résultat
Percentile par nombre de réponses
Votre historique - résultats
Vous n’avez pas pris ce quiz depuis la dernière actualisation